00549nam a22001937a 450000500170000001000110001702000100002803500110003803700160004904000120006508200180007724500900009526000490018527000140023430000240024865000260027265000390029870000180033720170124110017.0 a692027 c00.00 a692027 bCen Lib/Ret aDPLbEN a331.0954bDYN aDynamics of labour relations in India : cedited by R.D.Agarwalba book of readings / aNew DelhibTata McGraw Hill Publishingc1972 bNew Delhi axv,296p. c20cm(Hb) aIndustrial relations. aPublic policy on labour relations. aAgarwal, R.D.